| 000 | 00959nam a22002537a 4500 | ||
|---|---|---|---|
| 001 | 8587 | ||
| 003 | FISKH | ||
| 005 | 20251002101601.0 | ||
| 008 | 251002b cb ||||| |||| 00| 0 eng d | ||
| 020 | _a708431211810 | ||
| 040 |
_aFISKH _beng _cFISKH _dFISKH |
||
| 082 | _a421.1 | ||
| 100 | _aJanok, Johnny | ||
| 245 |
_aABC animal orchestra _cillustrated by Johnny Yanok |
||
| 250 | _aThis edition publihed in 2009. | ||
| 260 |
_aUnited Kingdom : _bLeap Frog, _c1999. |
||
| 300 |
_a20 unnumbered pages : _bcolor illustrations ; _c18cm |
||
| 505 | _aNP | ||
| 520 | _aRatta-tat-tat on Cat's congas and croon with Baboon's bassoon while exploring the ABCs. More than 24 playful activities and 150 audio responses encourage little ones to explore while helping build confidence with books. Introduces the alphabet, music and animals. | ||
| 650 |
_aAlphabet _vChildren's book |
||
| 650 |
_aPicture book _vAnimals |
||
| 942 |
_2ddc _cBK _n0 |
||
| 999 |
_c8587 _d8587 |
||